000 00640nam a22001817a 4500
003 IT-RoPau
005 20220918181220.0
008 140523b xxu||||| |||| 00| 0 eng d
040 _cIT-RoPau
100 _aCesarato, Regina
_926317
245 _aL'albero visto dalle radici
_bLe Pie Discepole del Divin Maestro tra carisma e storia. Appunti.
260 _aRoma
_bCasa Generalizia PDDM
_c1997
300 _a88 pp.
_c21 cm
490 _aPDDM Appunti
_vFascicolo 1
500 _aPro manuscripto
520 _aIndice Presentazione Annotazione metodologica Introduzione I. Un carisma nella storia II. Luce nella notte
942 _2ddc
_cBK
999 _c104393
_d104393